| 000 | 00872nac a22002651u 4500 | ||
|---|---|---|---|
| 999 |
_c334 _d334 |
||
| 003 | EG-ScBUE | ||
| 005 | 20191211111425.0 | ||
| 008 | 080803s2003 le a f 000 d eng d | ||
| 020 | _a9953332479 | ||
| 020 | _a9789953332475 | ||
| 040 |
_aEG-ScBUE _beng _erda _cEG-ScBUE _dEG-ScBUE |
||
| 082 | 0 | 4 |
_a822.33 _bSHA _222 |
| 100 | 1 |
_aShakespeare, William, _d1564-1616, _eauthor. _933334 |
|
| 245 | 1 | 0 |
_aAs you like it : _bwith an introduction and a glossary / _cWilliam Shakespeare. |
| 264 | 1 |
_aBeirut : _bYork Press, _c2003. |
|
| 300 |
_a167 pages : _billustrations ; _c24 cm. |
||
| 336 |
_2rdacontent _atext _btxt |
||
| 337 |
_2rdamedia _aunmediated _bn |
||
| 338 |
_2rdacarrier _avolume _bnc |
||
| 490 | 0 | _aYork classics | |
| 650 | 7 |
_aFathers and daughters _vDrama. _2BUEsh _933336 |
|
| 653 |
_bHHUUEENN _cDecember2019 |
||
| 655 | _vReading book | ||
| 942 |
_cBB _k823SHA _2ddc |
||